[Event "4NCL Online Division 4"]
[Site "online"]
[Date "2022.01.25"]
[EventDate "2022.01.25"]
[Round "1.132"]
[White "Wilby, Robert G"]
[WhiteElo "1675"]
[WhiteTeam "Plymouth 2"]
[Black "Cooper, Malcolm H"]
[BlackElo "1771"]
[BlackTeam "Farnham B"]
[Result "1-0"]
[PlyCount "131"]

1. d4 d5 2. e3 Nf6 3. f4 g6 4. Nf3 Bg4 5. Bd3 Bg7 6. O-O Nbd7 7. Nbd2 c5 8. c3 O-O 9. h3 Bxf3 10. Qxf3 e6 11. g4 Rb8 12. Rf2 b5 13. Nf1 b4 14. Bd2 bxc3 15. Bxc3 cxd4 16. exd4 Nb6 17. b3 Ne4 18. Bxe4 dxe4 19. Qxe4 Nd5 20. Bb2 Qb6 21. Rd1 Rbc8 22. Qd3 Rfd8 23. Ba1 Qd6 24. Qe4 Nc3 25. Bxc3 Rxc3 26. Kg2 Qc6 27. Qxc6 Rxc6 28. Rfd2 Rcd6 29. Ne3 Rxd4 30. Rxd4 Rxd4 31. Rxd4 Bxd4 32. Kf3 f5 33. Nc4 fxg4+ 34. hxg4 h5 35. Nd6 Kf8 36. Nb5 Bc5 37. Nc3 Ke7 38. Ne4 Bd4 39. gxh5 gxh5 40. Ng3 h4 41. Ne4 Bb6 42. Kg4 Kf7 43. Kxh4 Kg6 44. Kg4 Be3 45. Ng3 Bc5 46. Kf3 Bd6 47. Ke4 Bc7 48. Ne2 Kh5 49. Nd4 e5 50. fxe5 Kg6 51. Kd5 Kf7 52. Nc6 Bb6 53. e6+ Ke8 54. Kd6 Be3 55. b4 Bf4+ 56. Kd5 Be3 57. b5 Bb6 58. a4 Bf2 59. Kd6 Bg3+ 60. Ne5 Bf4 61. a5 Bd2 62. a6 Be3 63. Nc6 Bf4+ 64. Kd5 Be3 65. Nd4 Bf2 66. b6 1-0

[Event "4NCL Online Division 4"]
[Site "online"]
[Date "2022.01.25"]
[EventDate "2022.01.25"]
[Round "1.133"]
[White "Bourke, Matt"]
[WhiteElo "1558"]
[WhiteTeam "Farnham B"]
[Black "Caleshu, Caleb"]
[BlackElo "1521"]
[BlackTeam "Plymouth 2"]
[Result "1/2-1/2"]
[PlyCount "65"]

1. e4 e6 2. d4 d5 3. exd5 exd5 4. Nf3 Nf6 5. Bd3 Bd6 6. O-O O-O 7. Bg5 Be6 8. Nbd2 c6 9. Re1 Nbd7 10. c3 Qc7 11. Qc2 h6 12. Bh4 Rfe8 13. Bf5 a5 14. Bxe6 Rxe6 15. Rxe6 fxe6 16. Re1 Re8 17. Bxf6 Nxf6 18. Ne5 c5 19. Qa4 Rb8 20. Nb3 c4 21. Nd2 b5 22. Qc2 b4 23. g3 Rf8 24. Ng6 Re8 25. Nf3 Ne4 26. Nfe5 Bxe5 27. Nxe5 Rf8 28. Rf1 bxc3 29. bxc3 Ng5 30. Qg6 Qe7 31. Nc6 Qc7 32. Ne5 Qe7 33. Nc6 1/2-1/2

[Event "4NCL Online Division 4"]
[Site "online"]
[Date "2022.01.25"]
[EventDate "2022.01.25"]
[Round "1.134"]
[White "Wood, Paul E"]
[WhiteElo "1579"]
[WhiteTeam "Plymouth 2"]
[Black "Amos, Alice"]
[BlackElo "1432"]
[BlackTeam "Farnham B"]
[Result "1-0"]
[PlyCount "95"]

1. c4 Nf6 2. g3 g6 3. Bg2 Bg7 4. d4 O-O 5. e4 d6 6. Ne2 Bg4 7. Be3 Nbd7 8. h3 Bxe2 9. Qxe2 c6 10. Nc3 e5 11. O-O exd4 12. Bxd4 c5 13. Be3 Nb6 14. Rad1 Qc7 15. Nb5 Qe7 16. Nxd6 Rad8 17. Bxc5 Qc7 18. b4 Nfd7 19. Nb5 Qb8 20. Bxf8 Bxf8 21. c5 Na8 22. Nd6 Bxd6 23. Rxd6 Nf8 24. e5 Ne6 25. Rfd1 Rxd6 26. exd6 Qc8 27. d7 Qc7 28. Qe4 Nd8 29. a4 a5 30. h4 axb4 31. Qxb4 b6 32. Bxa8 bxc5 33. Qc4 h6 34. Bd5 Kg7 35. Bxf7 Nxf7 36. Qxf7+ Kxf7 37. d8=Q Qe5 38. Qd5+ Qxd5 39. Rxd5 Ke6 40. Rxc5 Kd6 41. Rc1 Kd5 42. a5 Kd6 43. a6 Kd5 44. a7 Ke6 45. a8=Q Kf5 46. Qf8+ Kg4 47. Rc4+ Kh5 48. Qf3# 1-0

[Event "4NCL Online Division 4"]
[Site "online"]
[Date "2022.01.25"]
[EventDate "2022.01.25"]
[Round "1.141"]
[White "Hayes, Solomon"]
[WhiteElo "1509"]
[WhiteTeam "Wells Globetrotters 2"]
[Black "Hertog, Alexander"]
[BlackElo "1646"]
[BlackTeam "Oxford 4"]
[Result "0-1"]
[PlyCount "120"]

1. e4 c6 2. d4 d5 3. e5 c5 4. dxc5 Nc6 5. Bb5 Bf5 6. Nf3 e6 7. Be3 a6 8. Ba4 Qa5+ 9. c3 Bg4 10. Bd4 Ne7 11. b4 Qc7 12. Nbd2 Ng6 13. O-O Be7 14. Re1 O-O 15. h3 Bf5 16. g4 Bd3 17. Re3 Nf4 18. Nb3 Be4 19. Kh2 Ng6 20. Nbd2 Ncxe5 21. Nxe5 Nxe5 22. Kg1 Bg5 23. Rxe4 dxe4 24. Nxe4 Be7 25. Qe2 Ng6 26. Bc2 Nf4 27. Qf3 Nd5 28. Rd1 Rad8 29. Nd6 Bxd6 30. cxd6 Qxd6 31. Qe4 f5 32. gxf5 exf5 33. Qg2 Qg6 34. Qxg6 hxg6 35. Bb3 Kh7 36. Re1 Rd7 37. Bxd5 Rxd5 38. Re7 Rg8 39. Rxb7 Rd6 40. Kg2 g5 41. Kg3 Kh6 42. a4 g6 43. b5 Rgd8 44. b6 R6d7 45. Ra7 Rxa7 46. bxa7 Kh7 47. c4 Kg8 48. c5 Kf7 49. c6 Ke6 50. a5 Rc8 51. c7 Kd6 52. Bb6 Kd5 53. f4 gxf4+ 54. Kxf4 Ke6 55. Kg5 Kf7 56. Kh6 Re8 57. Kg5 Kg7 58. h4 Re4 59. Bd4+ Rxd4 60. c8=Q Rg4# 0-1

[Event "4NCL Online Division 4"]
[Site "online"]
[Date "2022.01.25"]
[EventDate "2022.01.25"]
[Round "1.142"]
[White "Hameed, Asif"]
[WhiteElo "1730"]
[WhiteTeam "Oxford 4"]
[Black "Rossi, Jonathan"]
[BlackElo "1459"]
[BlackTeam "Wells Globetrotters 2"]
[Result "1/2-1/2"]
[PlyCount "83"]

1. e4 c6 2. Nf3 d5 3. e5 Bg4 4. h3 Bxf3 5. Qxf3 e6 6. a3 Nd7 7. b4 Nxe5 8. Qg3 Ng6 9. d4 Bd6 10. Qf3 Qf6 11. Qd1 N8e7 12. c3 O-O 13. Bd3 Nf4 14. Bxf4 Qxf4 15. Nd2 Nf5 16. Qh5 g6 17. Qg4 Rfe8 18. Qxf4 Bxf4 19. g3 Bc7 20. O-O e5 21. dxe5 Bxe5 22. Rac1 Nd6 23. a4 a6 24. Rfe1 Bf6 25. Rxe8+ Rxe8 26. Nf3 b5 27. axb5 axb5 28. Nd4 Bxd4 29. cxd4 Nc4 30. Kg2 Ra8 31. h4 Ra3 32. Bxc4 bxc4 33. Kf1 Rd3 34. Ke2 Rxd4 35. Rc3 Kf8 36. f3 Ke7 37. Ra3 Rd3 38. Rxd3 cxd3+ 39. Kxd3 f6 40. Kd4 Kd6 41. g4 h6 42. f4 1/2-1/2

[Event "4NCL Online Division 4"]
[Site "online"]
[Date "2022.01.25"]
[EventDate "2022.01.25"]
[Round "1.143"]
[White "Balch, Keith"]
[WhiteElo "1414"]
[WhiteTeam "Wells Globetrotters 2"]
[Black "Kassey, Amaan"]
[BlackElo "1671"]
[BlackTeam "Oxford 4"]
[Result "0-1"]
[PlyCount "54"]

1. e4 e6 2. Nf3 d5 3. exd5 exd5 4. c4 dxc4 5. Bxc4 Bg4 6. Be2 Nf6 7. O-O Bc5 8. Nc3 O-O 9. d3 h6 10. Re1 Re8 11. Qb3 Bxf3 12. gxf3 Bb6 13. Bf4 Nc6 14. Na4 Nd4 15. Qd1 Ba5 16. Nc3 Nd5 17. Bd2 Nb4 18. Rb1 Nbc2 19. Rf1 Bxc3 20. Bxc3 Nxe2+ 21. Kh1 Ncd4 22. Qa4 Nxc3 23. bxc3 Nxf3 24. Rbd1 Qd5 25. c4 Qh5 26. Kg2 Qg4+ 27. Kh1 Qh3 0-1

[Event "4NCL Online Division 4"]
[Site "online"]
[Date "2022.01.25"]
[EventDate "2022.01.25"]
[Round "1.144"]
[White "Tishkin, Andrey"]
[WhiteElo "1573"]
[WhiteTeam "Oxford 4"]
[Black "Austin, Antony"]
[BlackElo "1341"]
[BlackTeam "Wells Globetrotters 2"]
[Result "1-0"]
[PlyCount "53"]

1. d4 d5 2. Nc3 Nf6 3. Bg5 h6 4. Bxf6 exf6 5. e3 b6 6. Bd3 Be7 7. Qf3 Be6 8. Nge2 O-O 9. O-O-O c5 10. e4 c4 11. exd5 cxd3 12. dxe6 Na6 13. exf7+ Rxf7 14. Qxd3 Rc8 15. Qxa6 Bd6 16. Kb1 Re7 17. Qd3 a5 18. Nd5 Rd7 19. Nec3 Rb7 20. Qb5 Bf8 21. Rhe1 Bb4 22. Nxb4 axb4 23. Qxb4 Qd7 24. Qb5 Qd6 25. Qd5+ Qxd5 26. Nxd5 b5 27. Ne7+ 1-0

[Event "4NCL Online Division 4"]
[Site "online"]
[Date "2022.01.25"]
[EventDate "2022.01.25"]
[Round "1.151"]
[White "Hall, Antony C"]
[WhiteElo "1882"]
[WhiteTeam "Streatham B"]
[Black "Townend, Ron"]
[BlackElo "1541"]
[BlackTeam "War & Piece Banner"]
[Result "1-0"]
[PlyCount "101"]

1. Nf3 d5 2. b3 Nf6 3. Bb2 Nc6 4. e3 e5 5. Be2 Bd6 6. O-O Be6 7. d3 Qd7 8. Nbd2 h6 9. Rc1 g5 10. d4 e4 11. Ne5 Bxe5 12. dxe5 Ng4 13. b4 Nxb4 14. h3 h5 15. hxg4 hxg4 16. Nb3 f5 17. exf6 Rh6 18. f4 gxf3 19. gxf3 Qh7 20. Kf2 Rh2+ 21. Ke1 Qh4+ 22. Kd2 O-O-O 23. Nd4 Bf7 24. a3 Nc6 25. Nxc6 bxc6 26. Qe1 exf3 27. Rxf3 Bh5 28. Qxh4 gxh4 29. Rcf1 Bxf3 30. Rxf3 c5 31. f7 d4 32. f8=Q dxe3+ 33. Kxe3 Rxf8 34. Rxf8+ Kb7 35. Be5 Rh3+ 36. Bf3+ c6 37. Rb8+ Ka6 38. Bc7 c4 39. Kf2 c5 40. Kg2 Rxf3 41. Kxf3 h3 42. Bd6 h2 43. Bxh2 c3 44. Ke4 c4 45. Kd4 Ka5 46. Kxc4 Ka4 47. Kxc3 Kxa3 48. Ra8 Ka2 49. Rxa7+ Kb1 50. Ra6 Kc1 51. Ra1# 1-0

[Event "4NCL Online Division 4"]
[Site "online"]
[Date "2022.01.25"]
[EventDate "2022.01.25"]
[Round "1.152"]
[White "Thomas, Jacob"]
[WhiteElo "1462"]
[WhiteTeam "War & Piece Banner"]
[Black "Chung, Michael"]
[BlackElo "1642"]
[BlackTeam "Streatham B"]
[Result "1-0"]
[PlyCount "85"]

1. e4 e5 2. Nf3 Nc6 3. Bb5 a6 4. Bxc6 dxc6 5. O-O Bd6 6. d4 Bg4 7. dxe5 Bxf3 8. Qxf3 Bxe5 9. Nd2 Nf6 10. Nc4 Qe7 11. Nxe5 Qxe5 12. c3 O-O 13. Re1 Rad8 14. Bf4 Qe7 15. Bg5 Qe5 16. Bxf6 Qxf6 17. Qxf6 gxf6 18. Rad1 Rd6 19. Rxd6 cxd6 20. Rd1 Rd8 21. f3 h5 22. Kf2 Kg7 23. Kg3 Kg6 24. Kf4 a5 25. c4 Rd7 26. h4 Rd8 27. a4 Rd7 28. b3 Rd8 29. g4 Rd7 30. gxh5+ Kxh5 31. Kf5 Kxh4 32. f4 Kg3 33. Rd3+ Kh4 34. Kxf6 Kg4 35. f5 Kf4 36. e5 d5 37. cxd5 Rxd5 38. Rxd5 cxd5 39. e6 fxe6 40. fxe6 d4 41. e7 d3 42. e8=Q d2 43. Qe2 1-0

[Event "4NCL Online Division 4"]
[Site "online"]
[Date "2022.01.25"]
[EventDate "2022.01.25"]
[Round "1.153"]
[White "Cutter, Tim J"]
[WhiteElo "1540"]
[WhiteTeam "Streatham B"]
[Black "Bailey, Duncan"]
[BlackElo "1389"]
[BlackTeam "War & Piece Banner"]
[Result "0-1"]
[PlyCount "68"]

1. e4 e5 2. Nf3 Nc6 3. d3 Nf6 4. Be2 d5 5. Nbd2 Bc5 6. O-O O-O 7. c3 a5 8. a3 a4 9. Re1 Bxf2+ 10. Kh1 Ng4 11. Nf1 Bxe1 12. Qxe1 dxe4 13. dxe4 Ne7 14. Qg3 c6 15. h3 Nf6 16. Bh6 Ng6 17. Bg5 Nxe4 18. Bxd8 Nxg3+ 19. Nxg3 Rxd8 20. Bc4 b5 21. Ba2 c5 22. Re1 c4 23. Bb1 Bb7 24. Bxg6 Bxf3 25. Bxf7+ Kxf7 26. gxf3 Rd2 27. Rxe5 Re8 28. Rxe8 Kxe8 29. Ne4 Rxb2 30. Kg1 Rb3 31. Kf2 Rxa3 32. Nd6+ Kd7 33. Nxb5 Rb3 34. Nd4 a3 0-1

[Event "4NCL Online Division 4"]
[Site "online"]
[Date "2022.01.25"]
[EventDate "2022.01.25"]
[Round "1.154"]
[White "O'Neill, Stephen G"]
[WhiteElo "1352"]
[WhiteTeam "War & Piece Banner"]
[Black "Spencer, Alex"]
[BlackElo "1580"]
[BlackTeam "Streatham B"]
[Result "0-1"]
[PlyCount "80"]

1. Nf3 c6 2. d4 f5 3. Bf4 Nf6 4. e3 g6 5. Bd3 Bg7 6. O-O Nh5 7. Be5 Nf6 8. Nbd2 O-O 9. e4 d5 10. exf5 Bxf5 11. Bxf5 gxf5 12. Re1 Nbd7 13. Bg3 Ne4 14. Bh4 Ndf6 15. Ng5 Qd7 16. f3 Nxg5 17. Bxg5 Rae8 18. c3 Kh8 19. Re3 Rg8 20. Qe2 h6 21. Bh4 e6 22. Re1 Nh5 23. g4 Nf4 24. Qf1 Qf7 25. Bg3 Ng6 26. Qh3 f4 27. Bxf4 Nxf4 28. Qh4 Kh7 29. g5 Ng6 30. Qh5 Qf5 31. h4 Nf4 32. g6+ Qxg6+ 33. Qxg6+ Kxg6 34. Kf2 Kf7 35. Kg3 Nh5+ 36. Kg4 Nf6+ 37. Kg3 h5 38. Nb3 Bh6+ 39. Kf2 Bxe3+ 40. Rxe3 b6 0-1

[Event "4NCL Online Division 4"]
[Site "online"]
[Date "2022.01.25"]
[EventDate "2022.01.25"]
[Round "1.161"]
[White "Anderson, James"]
[WhiteElo "1630"]
[WhiteTeam "Dundee City D"]
[Black "Pereira, Nolan"]
[BlackElo "1900"]
[BlackTeam "Colchester JFF A"]
[Result "1-0"]
[PlyCount "56"]

1. d4 Nf6 2. Bg5 g6 3. e3 Bg7 4. Bxf6 Bxf6 5. Bd3 c5 6. c3 cxd4 7. exd4 Nc6 8. Nd2 O-O 9. Ngf3 e5 10. dxe5 Re8 11. O-O Nxe5 12. Nxe5 Bxe5 13. Nf3 Bg7 14. Qd2 b6 15. Rfe1 Bb7 16. Rxe8+ Qxe8 17. Re1 Qf8 18. Be2 Bc6 19. Bd1 Qc5 20. h3 a5 21. Qe3 Qb5 22. Qe2 Qd5 23. a3 d6 24. Bc2 Re8 25. Qd1 Rxe1+ 26. Qxe1 Qb5 27. Qc1 Bxf3 28. gxf3 Qf5 1-0

[Event "4NCL Online Division 4"]
[Site "online"]
[Date "2022.01.25"]
[EventDate "2022.01.25"]
[Round "1.162"]
[White "Rida, Ruqayyah"]
[WhiteElo "1655"]
[WhiteTeam "Colchester JFF A"]
[Black "Flood, Raymond"]
[BlackElo "1623"]
[BlackTeam "Dundee City D"]
[Result "1/2-1/2"]
[PlyCount "143"]

1. e4 e6 2. d4 d5 3. Nd2 Nf6 4. e5 Nfd7 5. Bd3 c5 6. c3 Nc6 7. Ngf3 cxd4 8. cxd4 f6 9. exf6 Nxf6 10. O-O Bd6 11. Re1 O-O 12. h3 Qc7 13. Nf1 e5 14. dxe5 Nxe5 15. Nxe5 Bxe5 16. Qb3 Bd4 17. Be3 Bxe3 18. Nxe3 Qf7 19. Rf1 Be6 20. Qc2 Rac8 21. Qd2 Ne4 22. Bxe4 dxe4 23. b3 Qh5 24. Rac1 Rxc1 25. Rxc1 Qf7 26. Rc2 a6 27. Qd4 Qf4 28. Qb6 Qf7 29. Nc4 Bd5 30. Ne3 Bc6 31. Qd4 Qf6 32. Rd2 h6 33. Nd5 Qxd4 34. Rxd4 Bxd5 35. Rxd5 Rc8 36. Rd2 Rc1+ 37. Kh2 Rc6 38. Re2 Re6 39. g4 Kf7 40. Kg3 g5 41. Re3 Kf6 42. f3 exf3 43. Rxf3+ Ke7 44. Rc3 Kd6 45. Kf3 Kd5 46. Rc8 Kd4 47. Rd8+ Kc3 48. Rd7 b5 49. Rd5 Kb2 50. Rd2+ Ka3 51. Rc2 b4 52. Rd2 Re1 53. Rd6 a5 54. Rxh6 Kxa2 55. h4 gxh4 56. Rh5 Kxb3 57. Rxa5 Kb2 58. Rh5 b3 59. Rxh4 Kb1 60. Rh2 Kc1 61. Kf4 b2 62. Rxb2 Kxb2 63. Kf5 Kc3 64. g5 Kd4 65. Kf6 Rf1+ 66. Kg7 Ke5 67. g6 Rg1 68. Kf7 Rf1+ 69. Ke7 Rg1 70. Kf7 Rf1+ 71. Ke7 Rg1 72. Kf7 1/2-1/2

[Event "4NCL Online Division 4"]
[Site "online"]
[Date "2022.01.25"]
[EventDate "2022.01.25"]
[Round "1.163"]
[White "Hackney, Leyton"]
[WhiteElo "1597"]
[WhiteTeam "Dundee City D"]
[Black "Catabay, Mae Katelyn Rose"]
[BlackElo "1586"]
[BlackTeam "Colchester JFF A"]
[Result "1/2-1/2"]
[PlyCount "88"]

1. c4 e5 2. Nc3 Nf6 3. Nf3 Nc6 4. g3 Be7 5. Bg2 O-O 6. O-O d6 7. d4 exd4 8. Nxd4 Ne5 9. b3 Ng6 10. Bb2 Rb8 11. Qc2 Be6 12. Rad1 c6 13. Nxe6 fxe6 14. e4 Qc7 15. Ne2 e5 16. f4 exf4 17. Nxf4 Nxf4 18. gxf4 Rbd8 19. Kh1 Nh5 20. f5 Bf6 21. Bxf6 Nxf6 22. Qd3 Rfe8 23. Rd2 Kh8 24. Qe3 d5 25. cxd5 cxd5 26. Qxa7 dxe4 27. Rxd8 Rxd8 28. Re1 Ng4 29. Qg1 e3 30. Bf3 Nf2+ 31. Kg2 Rd2 32. Rxe3 Ng4+ 33. Re2 Rxe2+ 34. Bxe2 Qc6+ 35. Bf3 Qc2+ 36. Kg3 Nf6 37. Qd4 Qc7+ 38. Kg2 Qc2+ 39. Qf2 Qxf5 40. Bxb7 Qg5+ 41. Kh1 Qc1+ 42. Kg2 Qg5+ 43. Kf1 Qc1+ 44. Kg2 Qg5+ 1/2-1/2

[Event "4NCL Online Division 4"]
[Site "online"]
[Date "2022.01.25"]
[EventDate "2022.01.25"]
[Round "1.164"]
[White "Kanellopoulos, Nikolas"]
[WhiteElo "1478"]
[WhiteTeam "Colchester JFF A"]
[Black "Barron-Majerik, Jan"]
[BlackElo "1573"]
[BlackTeam "Dundee City D"]
[Result "0-1"]
[PlyCount "57"]

1. e4 c6 2. d4 d5 3. exd5 cxd5 4. Nf3 Nf6 5. Bb5+ Bd7 6. Bxd7+ Nbxd7 7. O-O Qc7 8. Qe2 e6 9. Bg5 Bd6 10. Bh4 O-O 11. Bg3 Ne4 12. Bxd6 Nxd6 13. c3 b5 14. Nbd2 Rfc8 15. Ne5 a5 16. a3 Nxe5 17. Qxe5 Nc4 18. Qxc7 Rxc7 19. Nxc4 bxc4 20. Rfe1 Rb8 21. Re2 Rcb7 22. Rb1 Rb3 23. Rc2 Rxa3 24. Kf1 Rab3 25. Ra1 Rxb2 26. Rxb2 Rxb2 27. Rxa5 g6 28. Ra3 Rb3 29. Ke2 0-1

[Event "4NCL Online Division 4"]
[Site "online"]
[Date "2022.02.08"]
[EventDate "2022.02.08"]
[Round "2.11"]
[White "Sandy, Paul"]
[WhiteElo "1556"]
[WhiteTeam "Wessex Some Stars G"]
[Black "Taylor, Robert K"]
[BlackElo "2005"]
[BlackTeam "Sheffield Uni 70's Graduates"]
[Result "0-1"]
[PlyCount "56"]

1. b4 e5 2. Bb2 f6 3. a3 d5 4. e3 Be6 5. Be2 Qd7 6. h3 Nc6 7. Bg4 Bd6 8. Nc3 f5 9. Be2 Nf6 10. Nf3 h6 11. Bb5 O-O 12. Ne2 a6 13. Bxc6 bxc6 14. Nxe5 Qe8 15. Nf3 a5 16. c3 Nh5 17. Ned4 f4 18. Nxe6 Qxe6 19. Nd4 Qg6 20. Qg4 Qxg4 21. hxg4 Nf6 22. f3 fxe3 23. dxe3 Bg3+ 24. Ke2 Nxg4 25. f4 Rae8 26. Kf3 Rxe3+ 27. Kxg4 Rxf4+ 28. Kh3 Rh4# 0-1

[Event "4NCL Online Division 4"]
[Site "online"]
[Date "2022.02.08"]
[EventDate "2022.02.08"]
[Round "2.12"]
[White "Beckett, Phill"]
[WhiteElo "1868"]
[WhiteTeam "Sheffield Uni 70's Graduates"]
[Black "Davenport, Robert"]
[BlackElo "1576"]
[BlackTeam "Wessex Some Stars G"]
[Result "1-0"]
[PlyCount "57"]

1. e4 Nc6 2. Nf3 d6 3. d4 Nf6 4. Nc3 g6 5. Be2 Bg7 6. O-O O-O 7. h3 e5 8. dxe5 dxe5 9. Be3 Qe7 10. Nd5 Nxd5 11. Qxd5 Be6 12. Qc5 Qxc5 13. Bxc5 Rfd8 14. Ng5 Nd4 15. Bxd4 exd4 16. Nxe6 fxe6 17. Rad1 c5 18. Bc4 Kf7 19. f4 Ke7 20. f5 exf5 21. exf5 Rf8 22. Rde1+ Kd7 23. Bb5+ Kd6 24. Re6+ Kc7 25. Re7+ Kb6 26. Rxg7 Kxb5 27. Rxb7+ Kc6 28. Rxh7 gxf5 29. Rh5 1-0

[Event "4NCL Online Division 4"]
[Site "online"]
[Date "2022.02.08"]
[EventDate "2022.02.08"]
[Round "2.13"]
[White "Harris, John E"]
[WhiteElo "1570"]
[WhiteTeam "Wessex Some Stars G"]
[Black "Newbery, Rod B"]
[BlackElo "1781"]
[BlackTeam "Sheffield Uni 70's Graduates"]
[Result "1-0"]
[PlyCount "131"]

1. e4 e6 2. Nf3 c5 3. c4 Nc6 4. Nc3 a6 5. a4 d6 6. d3 Nf6 7. Be2 Be7 8. O-O O-O 9. h3 Qc7 10. Bf4 b6 11. b3 Bb7 12. Bh2 Nd7 13. Rb1 Bf6 14. Qd2 g6 15. Bf4 Bg7 16. Rfe1 Nd4 17. Bd1 Bc6 18. Nxd4 cxd4 19. Ne2 b5 20. cxb5 axb5 21. axb5 Bxb5 22. Qb4 Bxd3 23. Rc1 Qa7 24. Bxd6 Rfc8 25. Rxc8+ Rxc8 26. Nf4 Qa6 27. e5 Bb5 28. Qxd4 Bf8 29. Bxf8 Kxf8 30. Qb4+ Kg7 31. Bf3 Rc2 32. h4 Qb6 33. Nh3 h5 34. Bd1 Rc5 35. Qf4 Qc7 36. Ng5 Nxe5 37. Qd4 Rd5 38. Qf4 Rc5 39. Ne4 Nd3 40. Qf6+ Kg8 41. Nxc5 Nxe1 42. b4 Qc6 43. Qd8+ Kg7 44. Qd4+ Kg8 45. f3 Qd5 46. Qxd5 exd5 47. Kf2 Nd3+ 48. Nxd3 Bxd3 49. Be2 Bf5 50. Ke3 Kf8 51. Bd3 Be6 52. Kd4 Ke7 53. Kc5 Kd7 54. Kb6 Kc8 55. Ba6+ Kb8 56. Kc5 Kc7 57. b5 Kb8 58. b6 Ka8 59. Bb5 d4 60. Kxd4 Kb7 61. Kc5 Bb3 62. Bc6+ Kb8 63. Bd5 Bxd5 64. Kxd5 Kb7 65. Kd6 Kxb6 66. Ke7 1-0

[Event "4NCL Online Division 4"]
[Site "online"]
[Date "2022.02.08"]
[EventDate "2022.02.08"]
[Round "2.14"]
[White "Varjian, Gary"]
[WhiteElo "1388"]
[WhiteTeam "Sheffield Uni 70's Graduates"]
[Black "Blythe, Douglas"]
[BlackElo "1541"]
[BlackTeam "Wessex Some Stars G"]
[Result "0-1"]
[PlyCount "73"]

1. d4 Nf6 2. Nc3 g6 3. Bf4 Bg7 4. Nf3 O-O 5. Qd2 a6 6. h3 d6 7. Bg5 Nbd7 8. e3 b5 9. Qd1 Bb7 10. Rg1 c5 11. Ne2 Rc8 12. Nh2 cxd4 13. Nxd4 Ne4 14. Ng4 Nxg5 15. h4 Ne6 16. Be2 Nxd4 17. exd4 Nf6 18. Ne3 Qa5+ 19. Kf1 Ne4 20. Rh1 Nd2+ 21. Kg1 Ne4 22. Rh3 Qd2 23. Qf1 Qxd4 24. Rd1 Qxb2 25. Kh2 Nc3 26. Rd2 Nxe2 27. Qxe2 Qe5+ 28. Rg3 f5 29. Qd1 f4 30. Rg5 Qe4 31. Rd4 Bxd4 32. Rg4 Bxe3 33. fxe3 Rxc2 34. h5 Rxg2+ 35. Kh3 Rxg4 36. Qd2 Qf3+ 37. Kh2 Qh1# 0-1

[Event "4NCL Online Division 4"]
[Site "online"]
[Date "2022.02.08"]
[EventDate "2022.02.08"]
[Round "2.21"]
[White "Leigh, Dominic"]
[WhiteElo "1730"]
[WhiteTeam "Hackney Spice Boys"]
[Black "Spargo, Philip J"]
[BlackElo "1454"]
[BlackTeam "Breage Bruisers"]
[Result "1/2-1/2"]
[PlyCount "113"]

1. d4 d5 2. c4 c6 3. Nf3 e6 4. e3 Nf6 5. Nc3 Be7 6. Be2 Nbd7 7. O-O Kf8 8. Qc2 Kg8 9. e4 dxe4 10. Nxe4 Nxe4 11. Qxe4 Nf6 12. Qc2 a6 13. a3 b5 14. Rd1 Bb7 15. Ne5 Nd7 16. b4 Nxe5 17. dxe5 Qe8 18. c5 g6 19. Bb2 Kg7 20. Rd3 Rd8 21. Rad1 Rxd3 22. Rxd3 Qc8 23. Qc3 Rd8 24. Rh3 Qd7 25. Bc1 Qd4 26. Bh6+ Kg8 27. Qxd4 Rxd4 28. Rd3 Rxd3 29. Bxd3 Bf8 30. Bxf8 Kxf8 31. g4 Kg7 32. f4 h6 33. Kf2 g5 34. f5 Kf8 35. Ke3 Ke7 36. Kd4 Kd7 37. Be4 Ba8 38. h3 Bb7 39. fxe6+ fxe6 40. Bc2 Ke7 41. a4 Ba8 42. a5 Bb7 43. Bg6 Bc8 44. Be4 Bd7 45. Bg6 Bc8 46. Ke3 Bd7 47. Kf3 Bc8 48. Be4 Bd7 49. Kg3 Kf7 50. h4 Ke7 51. h5 Kf7 52. Bg6+ Ke7 53. Kf3 Bc8 54. Be4 Bd7 55. Bg6 Bc8 56. Be4 Bd7 57. Bg6 1/2-1/2

[Event "4NCL Online Division 4"]
[Site "online"]
[Date "2022.02.08"]
[EventDate "2022.02.08"]
[Round "2.22"]
[White "Renshaw, Ian"]
[WhiteElo "1442"]
[WhiteTeam "Breage Bruisers"]
[Black "Rosenbaum, Danny"]
[BlackElo "1689"]
[BlackTeam "Hackney Spice Boys"]
[Result "1/2-1/2"]
[PlyCount "87"]

1. e4 e5 2. Nf3 Nc6 3. Bb5 a6 4. Ba4 Nf6 5. O-O b5 6. Bb3 Bc5 7. c3 d6 8. d4 Bb6 9. h3 O-O 10. Bg5 h6 11. Bh4 Bb7 12. dxe5 Nxe5 13. Nbd2 Nxf3+ 14. Qxf3 g5 15. Bg3 Qe7 16. Rfe1 Nd7 17. Bc2 Qf6 18. Qxf6 Nxf6 19. Kf1 Rae8 20. f3 Nd7 21. Bf2 Bxf2 22. Kxf2 Re7 23. a4 bxa4 24. Bxa4 Ne5 25. Bc2 Rb8 26. b4 Ra8 27. g3 Bc8 28. f4 gxf4 29. gxf4 Ng6 30. f5 Nf4 31. h4 Nh5 32. Rg1+ Kh8 33. Rg2 Bb7 34. Rag1 Rae8 35. Kf3 Nf6 36. Re2 d5 37. Rge1 dxe4+ 38. Nxe4 Nxe4 39. Bxe4 Bc8 40. Bd3 Rxe2 41. Rxe2 Rxe2 42. Kxe2 f6 43. Ke3 Kg7 44. Kf4 1/2-1/2

[Event "4NCL Online Division 4"]
[Site "online"]
[Date "2022.02.08"]
[EventDate "2022.02.08"]
[Round "2.24"]
[White "Doubleday, Peter"]
[WhiteElo "1402"]
[WhiteTeam "Breage Bruisers"]
[Black "Saunois, Anthony"]
[BlackElo "1400"]
[BlackTeam "Hackney Spice Boys"]
[Result "1-0"]
[PlyCount "93"]

1. e4 c6 2. d4 d5 3. exd5 cxd5 4. Be2 Bf5 5. Nf3 e6 6. O-O Nf6 7. Bg5 Be7 8. Nbd2 O-O 9. c3 Nbd7 10. Nh4 h6 11. Nxf5 exf5 12. Be3 Qc7 13. Re1 f4 14. Bxf4 Qxf4 15. Nf3 Ne4 16. Bd3 Ndf6 17. Qc2 Rae8 18. c4 Bd8 19. cxd5 Re7 20. Ne5 Rc7 21. Qe2 Qd2 22. Bxe4 Qxe2 23. Rxe2 Nxe4 24. Rxe4 Bg5 25. f4 Bf6 26. Ng4 Rd8 27. Nxf6+ gxf6 28. Rae1 Rxd5 29. R1e2 Kg7 30. g4 f5 31. gxf5 Rxf5 32. Kf2 a6 33. Kf3 b5 34. Re5 Rf6 35. d5 Rc4 36. R5e4 Rc8 37. Rd4 Rc5 38. d6 Rc8 39. d7 Rd8 40. Re8 Rxd7 41. Rxd7 Kg6 42. Ra8 Rc6 43. Rd2 b4 44. Rb8 a5 45. Rbd8 Kf5 46. R8d6 Rc7 47. R2d5# 1-0

[Event "4NCL Online Division 4"]
[Site "online"]
[Date "2022.02.08"]
[EventDate "2022.02.08"]
[Round "2.31"]
[White "Sheehy, Lewis"]
[WhiteElo "1096"]
[WhiteTeam "Manchester Juniors C"]
[Black "Smith, Jonathan"]
[BlackElo "1443"]
[BlackTeam "Shropshire and Friends 6"]
[Result "1/2-1/2"]
[PlyCount "76"]

1. d4 d5 2. Bf4 Nf6 3. Nf3 e6 4. e3 c5 5. Bd3 Nc6 6. c3 cxd4 7. cxd4 Be7 8. O-O Nh5 9. Be5 f6 10. Nfd2 g6 11. Bg3 Nxg3 12. fxg3 f5 13. Bb5 Bd7 14. Nc3 a6 15. Bxc6 Bxc6 16. Nf3 Bf6 17. Ne5 Bxe5 18. dxe5 Qc7 19. Qd4 O-O 20. a4 b5 21. a5 Qa7 22. b4 Qxd4 23. exd4 Rac8 24. Rac1 Rc7 25. Ne2 Rfc8 26. Kf2 Bd7 27. Rxc7 Rxc7 28. Rc1 Rxc1 29. Nxc1 g5 30. Kf3 Be8 31. Nd3 Bd7 32. g4 f4 33. Nc5 Bc8 34. h4 h6 35. hxg5 hxg5 36. g3 fxg3 37. Kxg3 Kg7 38. Kf3 Kg6 1/2-1/2

[Event "4NCL Online Division 4"]
[Site "online"]
[Date "2022.02.08"]
[EventDate "2022.02.08"]
[Round "2.32"]
[White "Slegg, Gary"]
[WhiteElo "1419"]
[WhiteTeam "Shropshire and Friends 6"]
[Black "Fung, Marcus"]
[BlackElo "1091"]
[BlackTeam "Manchester Juniors C"]
[Result "1-0"]
[PlyCount "83"]

1. e4 d6 2. Nf3 Nf6 3. Nc3 g6 4. d4 Bg7 5. Bc4 O-O 6. O-O Bg4 7. h3 Bxf3 8. Qxf3 c5 9. dxc5 dxc5 10. e5 Nfd7 11. Qxb7 Nb6 12. Rd1 N8d7 13. Bb5 Bxe5 14. Bxd7 Rb8 15. Qxa7 Bc7 16. Bg4 Qe8 17. Qxc7 f5 18. Bf3 c4 19. Bf4 Qf7 20. Nd5 Nxd5 21. Bxd5 e6 22. Qxf7+ Kxf7 23. Bxb8 Rxb8 24. Bxc4 Rxb2 25. Bb3 h5 26. Kf1 g5 27. Ke2 Kf6 28. Kd3 e5 29. Kc3 g4 30. Kxb2 gxh3 31. gxh3 h4 32. Rd6+ Kg5 33. Rg1+ Kf4 34. Be6 e4 35. Rd5 e3 36. fxe3+ Ke4 37. Rxf5 Kxe3 38. Rg4 Kd2 39. Rf3 Ke2 40. Bd5 Ke1 41. Rg2 Kd1 42. Rf1# 1-0